Zákony IV/2007 stavebný zákon
Na minha lista:
| Formato: | Livro |
|---|---|
| Idioma: | eslovaco |
| Publicado em: |
Žilina
Poradca
2007
|
| Assuntos: | |
| Tags: |
Sem tags, seja o primeiro a adicionar uma tag!
|
MARC
| LEADER | 00000nam$a2200000$$$4500 | ||
|---|---|---|---|
| 001 | 0053533 | ||
| 005 | 20240318120959.4 | ||
| 022 | |a 1335-1583 | ||
| 041 | 0 | |a slo | |
| 044 | |a SK | ||
| 245 | 1 | 0 | |a Zákony IV/2007 |b stavebný zákon |
| 264 | 1 | |a Žilina |b Poradca |c 2007 | |
| 300 | |a 544 s. | ||
| 610 | 2 | 0 | |a predpisy právne |
| 610 | 2 | 0 | |a legislatíva |
| 610 | 2 | 0 | |a stavebníctvo |
| 610 | 2 | 0 | |a kataster nehnuteľností |
| 610 | 2 | 0 | |a výrobky stavebné |
| 610 | 2 | 0 | |a nájomné |
| 610 | 2 | 0 | |a byty |
| 610 | 2 | 0 | |a vlastníctvo |
| 610 | 2 | 0 | |a pôda |
| 610 | 2 | 0 | |a architektúra |
| 610 | 2 | 0 | |a Slovensko |
| 610 | 2 | 0 | |a 2007 |